[Event "Fast Large KO for ALL"]
[Site "SchemingMind.com"]
[Date "2007.04.23"]
[Round "-"]
[White "The Clash"]
[Black "spoke"]
[Result "1/2-1/2"]
[WhiteCountry "USA"]
[BlackCountry "GER"]
[WhiteElo "1682"]
[WhiteRD "127"]
[BlackElo "1726"]
[BlackRD "63"]
[GameID "101604"]

1. c4 g6 2. d4 Bg7 3. e4 e6 4. Nf3 d5 5. cxd5 exd5 6. e5 Ne7 7. Bg5 Bg4 8. Be2 h6 9. Bf6 Bxf6 10. exf6 Nf5
11. Ne5 Bxe2 12. Qxe2 O-O 13. O-O Nxd4 14. Qd3 Nbc6 15. Nxg6 Qxf6 16. Nxf8 Rxf8 17. Qg3+ Kh7 18. Nc3 Rg8 19. Qh3 Ne5 20. Nxd5 Nef3+
21. Kh1 Qg5 22. gxf3 Qxd5 23. Rad1 Qxf3+ 24. Qxf3 Nxf3 25. Rd3 Ne5 26. Rg3 Rd8 27. f4 Nc4 28. b3 Nd6 29. Rd3 Re8 30. f5 Re5
31. f6 Re6 32. Rg3 Ne8 33. Rfg1=
1/2-1/2

[Event "Fast Large KO for ALL"]
[Site "SchemingMind.com"]
[Date "2007.04.23"]
[Round "-"]
[White "spoke"]
[Black "The Clash"]
[Result "1/2-1/2"]
[WhiteCountry "GER"]
[BlackCountry "USA"]
[WhiteElo "1754"]
[WhiteRD "57"]
[BlackElo "1686"]
[BlackRD "131"]
[GameID "101609"]

1. e4 c5 2. Nf3 d6 3. d4 cxd4 4. Nxd4 e5 5. Bb5+ Bd7 6. Bxd7+ Qxd7 7. Nf5 g6 8. Ne3 Nc6 9. Nc3 Nf6 10. O-O Bg7
11. Ned5 O-O 12. Bh6 Nxd5 13. Nxd5 Ne7 14. Nxe7+ Qxe7 15. Bxg7=
1/2-1/2

[Event "Fast Large KO for ALL"]
[Site "SchemingMind.com"]
[Date "2007.04.24"]
[Round "-"]
[White "fourluxflakes"]
[Black "tiggeronvrb"]
[Result "0-1"]
[WhiteCountry "ENG"]
[BlackCountry "SCO"]
[WhiteElo "1872"]
[WhiteRD "71"]
[BlackElo "1744"]
[BlackRD "65"]
[GameID "102045"]

1. e4 c6 2. Nf3 d5 3. Nc3 dxe4 4. Nxe4 Bg4 5. h3 Bxf3 6. Qxf3 e6 7. g3 Nd7 8. Bg2 Ngf6 9. d3 Qb6 10. O-O Nxe4
11. dxe4 Ne5 12. Qe2 Bc5 13. Kh2 O-O 14. f4 Ng6 15. h4 Rad8 16. Qh5 Qb5 17. a4 Bg1+ 18. Rxg1 Qxh5
0-1

[Event "Fast Large KO for ALL"]
[Site "SchemingMind.com"]
[Date "2007.04.23"]
[Round "-"]
[White "nevereverwin"]
[Black "willygor"]
[Result "0-1"]
[WhiteCountry "ENG"]
[BlackCountry "ARG"]
[WhiteElo "1343"]
[WhiteRD "101"]
[BlackElo "1800"]
[BlackRD "75"]
[GameID "102046"]

1. e4 c5 2. Nf3 Nc6 3. d4 cxd4 4. Nxd4 d6 5. Bd3 Nxd4 6. Be3 Nc6 7. Nc3 e6 8. O-O g6 9. Bb5 a6 10. Bd3 Bg7
11. a3 Nge7 12. Re1 O-O 13. Qf3 Ne5 14. Qh3 Nxd3 15. cxd3 e5 16. Qf3 Be6 17. Nd5 f5 18. Nxe7+ Qxe7 19. Red1 f4 20. Bd2 Qd7
21. Bc3 Bg4 22. Qxg4 Qxg4 23. f3 Qe6 24. b4 Rac8 25. Bb2 Rc2 26. Bc1 d5 27. Rd2 Rfc8 28. d4 Rxc1+ 29. Rxc1 Rxc1+ 30. Kf2 exd4
31. exd5 Qe3#
0-1

[Event "Fast Large KO for ALL"]
[Site "SchemingMind.com"]
[Date "2007.04.24"]
[Round "-"]
[White "tiggeronvrb"]
[Black "fourluxflakes"]
[Result "0-1"]
[WhiteCountry "SCO"]
[BlackCountry "ENG"]
[WhiteElo "1791"]
[WhiteRD "62"]
[BlackElo "1891"]
[BlackRD "68"]
[GameID "102052"]

1. Nf3 Nf6 2. b3 g6 3. Bb2 Bg7 4. e4 d6 5. Bc4 O-O 6. Qe2 c6 7. d4 Nxe4 8. Bxf7+ Rxf7 9. Qxe4 Bf5 10. Qe2 Qa5+
11. c3 Nd7 12. Nbd2 e5 13. O-O Re8 14. Nc4 Qc7 15. Ne3 exd4 16. Nxd4 Be4 17. Qg4 Bd3 18. Rfd1 Ne5 19. Qh3 Qe7 20. Nf1 Qf6
21. Rd2 Qg5 22. Rxd3 Nxd3 23. Qxd3 d5 24. Bc1 Qf6 25. Be3 Rfe7 26. Ng3 Qh4 27. Nf3 Qg4 28. h3 Qd7 29. Bg5 Re6 30. Qd2 a5
31. Nd4 Rd6 32. Re1 Rxe1+ 33. Qxe1 c5 34. Nf3 Re6 35. Qd2 b6 36. c4 d4 37. Ne2 Rd6 38. Nf4 h6 39. Bh4 g5 40. Nxg5 hxg5
41. Bxg5 Be5 42. Nd5 Qh7 43. Qe1 Re6 44. Nf6+ Rxf6 45. Qxe5 Rf8 46. Qe6+ Qf7 47. Qxf7+ Rxf7 48. h4 Rf5 49. f3 Re5 50. Kf2 d3
51. g4 Re2+ 52. Kg3 Rxa2 53. h5 d2 54. Bxd2 Rxd2 55. h6 Rd3 56. g5 Rxb3 57. Kg4 a4 58. f4 a3 59. g6 a2 60. f5 a1=Q
0-1

[Event "Fast Large KO for ALL"]
[Site "SchemingMind.com"]
[Date "2007.04.23"]
[Round "-"]
[White "willygor"]
[Black "nevereverwin"]
[Result "1-0"]
[WhiteCountry "ARG"]
[BlackCountry "ENG"]
[WhiteElo "1770"]
[WhiteRD "77"]
[BlackElo "1341"]
[BlackRD "109"]
[GameID "102053"]

1. e4 e5 2. Nf3 Nc6 3. Bc4 Nf6 4. Ng5 Qe7 5. Bxf7+ Kd8 6. d3 h6 7. Bb3 hxg5 8. Bxg5 Rh5 9. Bxf6 gxf6 10. Qxh5 d6
11. Nc3 Be6 12. O-O Qf7 13. Qxf7 Bxf7 14. Bxf7 Ke7 15. Bb3 Nd4 16. f4 exf4 17. Rxf4 Ne6 18. Bxe6 Kxe6 19. Raf1 Bg7 20. Nd5 Rf8
21. Nxc7+ Kd7 22. Nd5 Ke8 23. Nxf6+ Rxf6 24. Rxf6 Bxf6 25. Rxf6 Ke7 26. Rf5 Ke6 27. g4 b5 28. g5
1-0

[Event "Fast Large KO for ALL"]
[Site "SchemingMind.com"]
[Date "2007.04.23"]
[Round "-"]
[White "mart_r3000"]
[Black "Beardownman"]
[Result "0-1"]
[WhiteCountry "ENG"]
[BlackCountry "ENG"]
[WhiteElo "1338"]
[WhiteRD "52"]
[BlackElo "1389"]
[BlackRD "116"]
[GameID "102135"]

1. e4 e5 2. Nf3 d6 3. d4 exd4 4. Nxd4 c5 5. Bb5+ Bd7 6. Nc3 Be7 7. O-O Nf6 8. Re1 O-O 9. Bd3 Nc6 10. Nf3 Bg4
11. h3 Bh5 12. g4 Bg6 13. Nh4 Ne5 14. Nxg6 Nxg6 15. g5 Nd7 16. Nd5 f6 17. Bc4 Kh8 18. gxf6 Bxf6 19. Nxf6 Qxf6 20. Rf1 Nde5
21. Be2 Nh4 22. f4 Qg6+ 23. Bg4 Qxe4 24. Rf2 Rf6 25. Qe2 Qxe2 26. Bxe2 Neg6 27. Bd2 Raf8 28. Raf1 Nf5 29. Bg4 Nd4 30. Bc3 Nxf4
31. Bd2 h5 32. Bd7 g5 33. Kh2 Nd5 34. Rxf6 Nxf6 35. Rg1 Nf3+ 36. Kh1 Nxg1 37. Bb5 Nf3 38. Bc3 Kg7 39. Kg2 g4 40. hxg4 hxg4
41. Kg3 Kg6 42. Bd3+ Kh5 43. Kf2 Nd5 44. Bg7 Rg8 45. Be4 Rxg7 46. Bxd5 b6 47. Kg3 Re7 48. Kf4 Re2 49. Bb3 Kh4
0-1

[Event "Fast Large KO for ALL"]
[Site "SchemingMind.com"]
[Date "2007.04.23"]
[Round "-"]
[White "nomuffyet"]
[Black "Troglodyte"]
[Result "1/2-1/2"]
[WhiteCountry "SWE"]
[BlackCountry "USA"]
[WhiteElo "1489"]
[WhiteRD "174"]
[BlackElo "2018"]
[BlackRD "80"]
[GameID "102136"]

1. e4 c5 2. Bc4 d6 3. Nf3 Nf6 4. c3 Nxe4 5. Bd5 Nf6 6. Qb3 Nxd5 7. Qxd5 e6 8. Qg5 Qxg5 9. Nxg5 f6 10. Nf3 Nc6=
1/2-1/2

[Event "Fast Large KO for ALL"]
[Site "SchemingMind.com"]
[Date "2007.04.23"]
[Round "-"]
[White "Beardownman"]
[Black "mart_r3000"]
[Result "0-1"]
[WhiteCountry "ENG"]
[BlackCountry "ENG"]
[WhiteElo "1389"]
[WhiteRD "116"]
[BlackElo "1338"]
[BlackRD "52"]
[GameID "102141"]

1. e4 e5 2. Nf3 Nc6 3. Nc3 d6 4. Bc4 Nf6 5. O-O Nd4 6. d3 h6 7. Be3 Nxf3+ 8. Qxf3 Be7 9. h3 Bd7 10. Qg3 g5
11. d4 exd4 12. Bxd4 c5 13. Bxf6 O-O 14. Bxe7 Qxe7 15. f3 Kh7 16. Nd5 Qd8 17. Qxd6 Kg7 18. Rad1 Rc8 19. f4 Rc6 20. Qe5+ f6
21. Qc3 a6 22. fxg5 hxg5 23. Rf3 b5 24. Be2 Qe8 25. Re3 b4 26. Qd3 Qe5 27. Rf1 f5 28. g4 fxg4 29. hxg4 Rh6 30. Rg3 Rfh8
31. Kf2 Bb5 32. c4 Bc6 33. Ne3 Rh2+ 34. Rg2 Bxe4 35. Qd7+ Kg6 36. Rxh2 Rxh2+ 37. Ke1 Bc2 38. Qf7+ Kh6 39. Qf6+ Qxf6 40. Rxf6+ Kg7
41. Rxa6 Be4 42. Kd2 Bf3 43. Nf5+ Kf7 44. Ng3 Bxg4 45. Ra5 Ke6 46. Rxc5 Rg2 47. Rc6+ Ke5 48. Rc5+ Kf4 49. a4 Kxg3 50. Re5 Kf4
51. Re8 Bh5 52. Re7 g4 53. Ke1 Rg1+ 54. Kf2 Rb1 55. b3 Rxb3 56. Kg1 Kg3 57. Bf1 Rb1 58. Re3+ Kf4 59. Kf2 Rb2+ 60. Be2 g3+
61. Rxg3 Rxe2+
0-1

[Event "Fast Large KO for ALL"]
[Site "SchemingMind.com"]
[Date "2007.04.24"]
[Round "-"]
[White "Gary"]
[Black "ekulrac"]
[Result "0-1"]
[WhiteCountry "ENG"]
[BlackCountry "SCO"]
[WhiteElo "1583"]
[WhiteRD "78"]
[BlackElo "1710"]
[BlackRD "52"]
[GameID "102257"]

1. e4 Nc6 2. d4 e5 3. Nf3 exd4 4. Nxd4 Bc5 5. Nxc6 Qf6 6. Qe2 dxc6 7. g3 Bd7 8. Bg2 O-O-O 9. O-O h5 10. h4 Qg6
11. Nc3 Qxg3
0-1

[Event "Fast Large KO for ALL"]
[Site "SchemingMind.com"]
[Date "2007.04.24"]
[Round "-"]
[White "ekulrac"]
[Black "Gary"]
[Result "0-1"]
[WhiteCountry "SCO"]
[BlackCountry "ENG"]
[WhiteElo "1691"]
[WhiteRD "58"]
[BlackElo "1593"]
[BlackRD "80"]
[GameID "102265"]

1. e4 c5 2. Nf3 d6 3. d4 cxd4 4. Nxd4 Nf6 5. Nc3 a6 6. a4 e6 7. Be2 Be7 8. O-O O-O 9. Kh1 Nc6 10. Nxc6 bxc6
11. a5 Qc7 12. Be3 c5 13. f3 Bb7 14. Na4 Nd7 15. Qd2 Bc6 16. b4 Rab8 17. bxc5 Nxc5
0-1

[Event "Fast Large KO for ALL"]
[Site "SchemingMind.com"]
[Date "2007.04.26"]
[Round "-"]
[White "Roger Videa"]
[Black "Jaschin"]
[Result "0-1"]
[WhiteCountry "NCA"]
[BlackCountry "GER"]
[WhiteElo "1595"]
[WhiteRD "134"]
[BlackElo "1767"]
[BlackRD "153"]
[GameID "102374"]

1. e4 e5 2. Nf3 Nc6 3. d4 exd4 4. Bg5 f6 5. Bh4 Bb4+ 6. c3 dxc3 7. bxc3 Ba5 8. Bb5 Nge7 9. a4 a6 10. Bc4 d6
11. O-O Ng6 12. Qd5 Qe7 13. Rc1 Nf4 14. Qd2 g5 15. Bg3 Nh5 16. Qd3 Nxg3 17. Re1 Nh5 18. Nbd2 Nf4 19. Qc2 Bb6 20. g3 Ng6
21. Bd5 Nce5 22. a5 Bc5 23. Qa4+ Bd7 24. Qc2 Nxf3+ 25. Nxf3 c6 26. Bb3 O-O-O 27. Rab1 Be6 28. c4 Bg4 29. Kg2 Bxf3+ 30. Kxf3 Ne5+
31. Kg2 h5 32. Qc3 h4
0-1

[Event "Fast Large KO for ALL"]
[Site "SchemingMind.com"]
[Date "2007.04.26"]
[Round "-"]
[White "Jaschin"]
[Black "Roger Videa"]
[Result "1-0"]
[WhiteCountry "GER"]
[BlackCountry "NCA"]
[WhiteElo "1767"]
[WhiteRD "153"]
[BlackElo "1595"]
[BlackRD "134"]
[GameID "102380"]

1. e4 e5 2. Nf3 d6 3. d4 Nf6 4. Nc3 a6 5. dxe5 Nh5 6. Bg5 f6 7. exf6 gxf6 8. Be3 Nc6 9. Nd4 Ng7 10. Nxc6 bxc6
11. Bc4 Be7 12. O-O Rg8 13. Bxg8 f5 14. exf5 Bxf5 15. Qf3 Qd7 16. Bh6 O-O-O 17. Bb3 Bf6 18. Rfe1 Be5 19. Bxg7 Bxg7 20. Ba4 d5
21. Rad1 Bg4 22. Bxc6 Bxf3 23. Bxd7+ Rxd7 24. gxf3 c6 25. Re8+ Kc7 26. Na4 Rf7 27. Kg2 h5 28. c3 Kd7 29. Rde1 Kd6 30. R1e6+ Kd7
31. Nc5+ Kc7 32. h4
1-0

[Event "Fast Large KO for ALL"]
[Site "SchemingMind.com"]
[Date "2007.04.29"]
[Round "-"]
[White "kifosi"]
[Black "JLD"]
[Result "0-1"]
[WhiteCountry "DEN"]
[BlackCountry "USA"]
[WhiteElo "1857"]
[WhiteRD "69"]
[BlackElo "1995"]
[BlackRD "138"]
[GameID "102895"]

1. d4 Nf6 2. c4 e6 3. Nf3 b6 4. g3 Ba6 5. Qc2 d5 6. cxd5 exd5 7. Bg2 Bb4+ 8. Bd2 Bxd2+ 9. Nbxd2 O-O 10. b4 Qe7
11. O-O Qxb4 12. Rfe1 Rc8 13. e3 Nbd7 14. Rab1 Qd6 15. Rec1 c5 16. dxc5 bxc5 17. Bf1 Bxf1 18. Kxf1 Rab8 19. Rxb8 Rxb8 20. Nb3 g6
21. Nfd2 h5 22. Qc3 h4 23. Nf3 hxg3 24. hxg3 Ne4 25. Qc2 Qf6 26. Kg2 Ne5 27. Nxe5 Qxe5 28. Nd2 Rb2
0-1

[Event "Fast Large KO for ALL"]
[Site "SchemingMind.com"]
[Date "2007.05.01"]
[Round "-"]
[White "rao"]
[Black "jankep"]
[Result "0-1"]
[WhiteCountry "INT"]
[BlackCountry "POL"]
[WhiteElo "1455"]
[WhiteRD "85"]
[BlackElo "1992"]
[BlackRD "95"]
[GameID "102896"]

1. e4 e6 2. d4 d5 3. e5 b6 4. Nf3 Ne7 5. Bb5+ Bd7 6. Nc3 Ng6 7. a3 c5 8. Be3 Be7 9. Bd3 cxd4 10. Bxd4 Nc6
11. Bxg6 hxg6 12. Qd3 Nxd4 13. Nxd4 Bc5 14. Ndb5 O-O 15. h4 f6 16. Qxg6 fxe5 17. a4 Bxf2+ 18. Ke2 a6 19. Na3 Bxh4 20. Raf1 Qg5
21. Qxg5 Bxg5 22. Rf3 Bc6 23. Rfh3 Bh6 24. Nab1 d4 25. Nd1 Bxg2 26. Rxh6 Bf3+ 27. Kd3 gxh6 28. Rg1+ Kh7 29. Nf2 Bd5 30. Ng4 Rf3+
31. Ke2 Rg8 32. Nd2 Rf4 33. Nxe5 Rxg1 34. Nd7 Rg2+ 35. Ke1 Rff2 36. Nb3 Bxb3 37. cxb3 Rxb2 38. Kf1 Rgc2 39. Nf6+ Kg6
0-1

[Event "Fast Large KO for ALL"]
[Site "SchemingMind.com"]
[Date "2007.04.29"]
[Round "-"]
[White "JLD"]
[Black "kifosi"]
[Result "1-0"]
[WhiteCountry "USA"]
[BlackCountry "DEN"]
[WhiteElo "2029"]
[WhiteRD "153"]
[BlackElo "1823"]
[BlackRD "70"]
[GameID "102904"]

1. e4 c5 2. Nc3 Nc6 3. g3 g6 4. Bg2 Bg7 5. d3 Nf6 6. f4 O-O 7. Be3 d6 8. Nf3 a6 9. h3 b5 10. e5 Nd7
11. Ng5 Bb7 12. e6 Bxc3+ 13. bxc3 f6 14. Ne4 Ndb8 15. g4 Qc7 16. Qe2 Nd8 17. f5 Qc8 18. O-O Nxe6 19. fxe6 Qxe6 20. Bh6 Re8
21. Nxf6+
1-0

[Event "Fast Large KO for ALL"]
[Site "SchemingMind.com"]
[Date "2007.04.30"]
[Round "-"]
[White "jankep"]
[Black "rao"]
[Result "1-0"]
[WhiteCountry "POL"]
[BlackCountry "INT"]
[WhiteElo "1992"]
[WhiteRD "95"]
[BlackElo "1455"]
[BlackRD "85"]
[GameID "102905"]

1. e4 e5 2. Bc4 Nf6 3. d4 Nxe4 4. dxe5 Qh4 5. Be3 Nc6 6. Bxf7+ Kxf7 7. Nf3 Qe7 8. Qd5+ Ke8 9. Qxe4 Qb4+ 10. Nbd2 Qxb2
11. O-O Qb4 12. c4 h6 13. Rfe1 Ne7 14. Nd4 c6 15. Qf4 g5 16. Qf6 Rh7 17. Rab1 Qa3 18. Ne4 Bg7 19. Nd6+ Kd8 20. Qf7 Bxe5
21. Qe8+ Kc7 22. N6b5+ cxb5 23. Nxb5+ Kb8 24. Nxa3 Bd6 25. Nb5 Be5 26. Bxa7+ Rxa7 27. Nxa7 Kxa7 28. Rxe5
1-0

[Event "Fast Large KO for ALL"]
[Site "SchemingMind.com"]
[Date "2007.05.05"]
[Round "-"]
[White "rodk"]
[Black "jtrochez1"]
[Result "1-0"]
[WhiteCountry "USA"]
[BlackCountry "HON"]
[WhiteElo "1654"]
[WhiteRD "94"]
[BlackElo "1549"]
[BlackRD "50"]
[GameID "103171"]

1. d4 d5 2. c4 c6 3. Nf3 Nd7 4. b3 e6 5. Bb2 Ngf6 6. e3 Be7 7. Bd3 O-O 8. O-O Ne4 9. Nbd2 Nxd2 10. Qxd2 a5
11. a4 Bf6 12. e4 c5 13. exd5 exd5 14. cxd5 b6 15. Bb5 Ba6 16. Bxa6 Rxa6 17. Ne5 cxd4 18. Qd3 Nc5 19. Qf3 Bxe5 20. Rad1 Ra7
21. Rfe1 Bf6 22. Bxd4 Bxd4 23. Rxd4 Qd6 24. Rb1 Ne6 25. Rg4 f5 26. Rc4 Ng5 27. Qd3 Raf7 28. Rc6 Qb8 29. Qe3 f4 30. Qxb6 f3
31. Qe3 h6 32. h4 Nh7 33. Ra6 Qb4 34. g3 Re7 35. Re6 Ref7 36. Re8 Nf6 37. Rxf8+ Rxf8 38. Qe6+ Kh8 39. d6 Qb6 40. Re1 Nh5
41. Qe8 Qxd6 42. Qxh5 Qd2 43. Qe5 Kh7 44. Qe4+ Kh8 45. Qe3 Qb4 46. Rd1 Qg4 47. Kh2 g5 48. Qd4+ Qxd4 49. Rxd4 Rf5 50. hxg5 hxg5
51. g4 Rc5 52. Rd3 Rc2 53. Kg3 Rc5 54. Kxf3 Kg7 55. Ke4 Kf6 56. Rd5 Rxd5 57. Kxd5 Ke7 58. Ke5
1-0

[Event "Fast Large KO for ALL"]
[Site "SchemingMind.com"]
[Date "2007.05.01"]
[Round "-"]
[White "jtrochez1"]
[Black "rodk"]
[Result "1-0"]
[WhiteCountry "HON"]
[BlackCountry "USA"]
[WhiteElo "1559"]
[WhiteRD "45"]
[BlackElo "1625"]
[BlackRD "105"]
[GameID "103179"]

1. e4 c5 2. Nc3 Nc6 3. Bc4 e6 4. d3 Nd4 5. Nce2 b5 6. Bb3 Nxb3 7. cxb3 Bb7 8. f3 Ne7 9. Bg5 g6 10. Bf6 Rg8
11. Ng3 Bg7 12. Bxg7 Rxg7 13. Rc1 Rc8 14. N1e2 e5 15. a4 a6 16. O-O f6 17. f4 d5 18. fxe5 fxe5 19. axb5 axb5 20. Qd2 Rc7
21. Qg5 Qd6 22. Rf6 Qd7 23. Rcf1 Nf5 24. exf5 gxf5 25. Qh5+ Kd8 26. Rf8+ Ke7 27. R1xf5 e4 28. R8f7+
1-0

[Event "Fast Large KO for ALL"]
[Site "SchemingMind.com"]
[Date "2007.05.03"]
[Round "-"]
[White "1tamad"]
[Black "DFrenk"]
[Result "1-0"]
[WhiteCountry "USA"]
[BlackCountry "USA"]
[WhiteElo "1832"]
[WhiteRD "108"]
[BlackElo "1399"]
[BlackRD "168"]
[GameID "103280"]

1. d4 e6 2. e3 Bb4+ 3. c3 Be7 4. Bd3 d6 5. Nf3 b6 6. O-O Bb7 7. Nbd2 Nf6 8. Re1 O-O 9. e4 d5 10. e5 Ng4
11. h3 Nh6 12. Nh2 f6 13. exf6 Rxf6 14. Ndf3 c5 15. Bg5 Rg6 16. Bxg6 hxg6 17. Bxh6 gxh6 18. Rxe6 Bc8 19. Rxg6+ Kf7 20. Ne5+ Kf8
21. Qf3+ Ke8 22. Qf7#
1-0

[Event "Fast Large KO for ALL"]
[Site "SchemingMind.com"]
[Date "2007.05.03"]
[Round "-"]
[White "DFrenk"]
[Black "1tamad"]
[Result "0-1"]
[WhiteCountry "USA"]
[BlackCountry "USA"]
[WhiteElo "1399"]
[WhiteRD "168"]
[BlackElo "1832"]
[BlackRD "108"]
[GameID "103285"]

1. e4 e6 2. Bb5 c6 3. Bc4 d5 4. exd5 exd5 5. Qe2+ Qe7 6. Bd3 Nf6 7. Nf3 Bg4 8. O-O Qxe2 9. Bxe2 Bd6 10. b3 O-O
11. Ba3 Bxa3 12. Nxa3 Nbd7 13. h3 Bh5 14. g4 Bg6 15. c4 h6 16. Rfe1 Rfe8 17. cxd5 Nxd5 18. h4 Ne5 19. h5 Be4 20. Nc4 Nxf3+
21. Bxf3 Bxf3 22. Nd6 Rxe1+ 23. Rxe1 b6 24. a4 Bxg4 25. Re5 Rd8 26. Nb7 Rd7 27. Re4 Bxh5 28. Re8+ Kh7 29. Nd8 Nf6 30. Nxc6 Nxe8
31. Ne5 Rxd2 32. b4 Nf6 33. Nc4 Rd4
0-1

[Event "Fast Large KO for ALL"]
[Site "SchemingMind.com"]
[Date "2007.06.11"]
[Round "-"]
[White "Adunatos"]
[Black "JLD"]
[Result "1-0"]
[WhiteCountry "NED"]
[BlackCountry "USA"]
[WhiteElo "2281"]
[WhiteRD "58"]
[BlackElo "1991"]
[BlackRD "118"]
[GameID "108168"]

1. d4 Nf6 2. c4 e6 3. Nc3 Bb4 4. e3 O-O 5. Nf3 d5 6. Bd3 c5 7. O-O Nc6 8. a3 Bxc3 9. bxc3 dxc4 10. Bxc4 Qc7
11. a4 Rd8 12. Qc2 e5 13. Ng5 Rd7 14. dxc5 Na5 15. Ba2 Qc6 16. Rd1 Rxd1+ 17. Qxd1 Bg4 18. Bxf7+ Kf8 19. f3 h6 20. Ba2 hxg5
21. fxg4 Ke8 22. Qd3 Nxg4 23. Qh7 Qf6 24. Qh5+
1-0

[Event "Fast Large KO for ALL"]
[Site "SchemingMind.com"]
[Date "2007.06.11"]
[Round "-"]
[White "JLD"]
[Black "Adunatos"]
[Result "1/2-1/2"]
[WhiteCountry "USA"]
[BlackCountry "NED"]
[WhiteElo "1991"]
[WhiteRD "118"]
[BlackElo "2281"]
[BlackRD "58"]
[GameID "108176"]

1. e4 e6 2. d4 d5 3. Nc3 Nf6 4. Bg5 dxe4 5. Nxe4 Nbd7 6. Nf3 h6 7. Nxf6+ Nxf6 8. Be3 Nd5 9. Bd3 Nxe3 10. fxe3 Bd6
11. O-O O-O 12. Qe2 c5 13. Kh1 Bd7 14. e4 Bc6 15. e5 Be7 16. dxc5 Bxc5 17. Rad1 Qb6 18. b3 Rfd8 19. Be4 a5 20. Bxc6 Qxc6
21. a4 Bb6 22. c4 Rac8 23. h3 Qc5 24. Qe4 Qe7 25. Rfe1 Rc7 26. Qe2 Rcd7=
1/2-1/2

[Event "Fast Large KO for ALL"]
[Site "SchemingMind.com"]
[Date "2007.06.18"]
[Round "-"]
[White "Beardownman"]
[Black "jankep"]
[Result "0-1"]
[WhiteCountry "ENG"]
[BlackCountry "POL"]
[WhiteElo "1359"]
[WhiteRD "117"]
[BlackElo "2066"]
[BlackRD "88"]
[GameID "109612"]

1. e4 e6 2. d4 d5 3. e5 b6 4. Nf3 Ne7 5. Bd3 Ba6 6. O-O Ng6 7. Qe2 Bxd3 8. Qxd3 c5 9. Be3 cxd4 10. Bxd4 Be7
11. Nc3 Nc6 12. Qb5 Qc7 13. Be3 O-O 14. h4 Ncxe5 15. Nxe5 Nxe5 16. Rae1 Ng4 17. g3 Nxe3 18. Rxe3 d4 19. Rf3 dxc3 20. Rxc3 Bc5
21. Rd1 Qe5 22. Kg2 Rad8 23. Rxd8 Rxd8 24. Qa6 Qe4+ 25. f3 Rd2+ 26. Kh3 Qf5+ 27. g4 Qf4 28. Rxc5 Qh2#
0-1

[Event "Fast Large KO for ALL"]
[Site "SchemingMind.com"]
[Date "2007.06.17"]
[Round "-"]
[White "jankep"]
[Black "Beardownman"]
[Result "1-0"]
[WhiteCountry "POL"]
[BlackCountry "ENG"]
[WhiteElo "2012"]
[WhiteRD "91"]
[BlackElo "1386"]
[BlackRD "123"]
[GameID "109620"]

1. e4 g6 2. Bb5 Bg7 3. d4 c6 4. Be2 e6 5. Nf3 d5 6. exd5 cxd5 7. O-O Nf6 8. Nc3 O-O 9. h3 a6 10. Bf4 Nc6
11. Bg5 Qc7 12. Qd2 Nh5 13. Rfe1 f5 14. Bh6 f4 15. Bxg7 Qxg7 16. Na4 Qc7 17. Rac1 h6 18. c4 Na5 19. cxd5 exd5 20. Rxc7
1-0

[Event "Fast Large KO for ALL"]
[Site "SchemingMind.com"]
[Date "2007.07.24"]
[Round "-"]
[White "spoke"]
[Black "Dread"]
[Result "0-1"]
[WhiteCountry "GER"]
[BlackCountry "GER"]
[WhiteElo "1711"]
[WhiteRD "63"]
[BlackElo "2130"]
[BlackRD "84"]
[GameID "113519"]

1. e4 c5 2. Nf3 Nc6 3. d4 cxd4 4. Nxd4 e5 5. Nb5 d6 6. c4 Be7 7. N1c3 a6 8. Na3 f5 9. Bd3 f4 10. Nc2 Nf6
11. b4 O-O 12. b5 axb5 13. cxb5 Na5 14. Nb4 Be6 15. Nbd5 Nxd5 16. Nxd5 f3 17. gxf3 Bxd5 18. exd5 Bg5 19. Be3 Bxe3 20. fxe3 Qh4+
21. Kd2 e4 22. Bxe4 Qf2+ 23. Qe2 Nc4+ 24. Kd3 Ra3+
0-1

[Event "Fast Large KO for ALL"]
[Site "SchemingMind.com"]
[Date "2007.07.23"]
[Round "-"]
[White "Dread"]
[Black "spoke"]
[Result "1-0"]
[WhiteCountry "GER"]
[BlackCountry "GER"]
[WhiteElo "2130"]
[WhiteRD "84"]
[BlackElo "1711"]
[BlackRD "63"]
[GameID "113530"]

1. e4 e5 2. Nf3 Nc6 3. Bb5 Bb4 4. O-O Nge7 5. c3 Ba5 6. Qa4 Bb6 7. d4 Ng6 8. Bg5 f6 9. Be3 O-O 10. Nbd2 d6
11. Bxc6 bxc6 12. Qc4+ Kh8 13. Qxc6 Bd7 14. Qc4 exd4 15. cxd4 Rb8 16. Rfe1 Qc8 17. b3 Ba5 18. d5 Bb5 19. Qc2 a6 20. Nd4 Ne5
21. a3 Bd3 22. Qd1 Bxd2 23. Bxd2 f5 24. f4 Ng6 25. Nxf5
1-0

[Event "Fast Large KO for ALL"]
[Site "SchemingMind.com"]
[Date "2007.07.23"]
[Round "-"]
[White "jtrochez1"]
[Black "ramanujan"]
[Result "1-0"]
[WhiteCountry "HON"]
[BlackCountry "IND"]
[WhiteElo "1522"]
[WhiteRD "48"]
[BlackElo "1843"]
[BlackRD "87"]
[GameID "113627"]

1. e4 e5 2. Nf3 Nc6 3. d4 exd4 4. Nxd4 Nf6 5. Nxc6 bxc6 6. Bd3 Bc5 7. Bg5 h6 8. Bh4 Qe7 9. Nc3 d5 10. h3 g5
11. Bg3 dxe4 12. Bc4 O-O 13. Qe2 Rd8 14. O-O Bf5 15. Bb3 Nd5 16. Nd1 Bg6 17. a3 Kh7 18. Kh1 f5 19. c4 Nf6 20. Bc2 Bh5
21. f3 Qd7 22. Bf2
1-0

[Event "Fast Large KO for ALL"]
[Site "SchemingMind.com"]
[Date "2007.07.23"]
[Round "-"]
[White "ramanujan"]
[Black "jtrochez1"]
[Result "0-1"]
[WhiteCountry "IND"]
[BlackCountry "HON"]
[WhiteElo "1843"]
[WhiteRD "87"]
[BlackElo "1522"]
[BlackRD "48"]
[GameID "113632"]

1. e4 e5 2. Nf3 d6 3. d4 Bg4 4. dxe5 Nc6 5. Bb5 dxe5 6. Qxd8+ Rxd8 7. Nbd2 Bb4 8. Nxe5 Bxd2+ 9. Bxd2 Bd7 10. Nxd7 Rxd7
11. Bc3 f6 12. O-O Nge7 13. Rad1 Rxd1 14. Rxd1 O-O 15. Rd7 a6 16. Bc4+ Kh8 17. Rxc7 b5 18. Bb3 Rc8 19. Rxc8+ Nxc8 20. f4 Nd6
21. Bd5 Nb8 22. Kf2 Nd7 23. Bb4 Nc4
0-1

[Event "Fast Large KO for ALL"]
[Site "SchemingMind.com"]
[Date "2007.08.10"]
[Round "-"]
[White "jankep"]
[Black "willygor"]
[Result "1-0"]
[WhiteCountry "POL"]
[BlackCountry "ARG"]
[WhiteElo "2070"]
[WhiteRD "86"]
[BlackElo "1773"]
[BlackRD "87"]
[GameID "115453"]

1. d4 Nf6 2. Nd2 e6 3. e4 d6 4. Bd3 e5 5. c3 Bg4 6. Ngf3 Be7 7. Qb3 Bc8 8. O-O Nbd7 9. Ng5 O-O 10. Qc2 h6
11. Ngf3 a6 12. Nc4 b5 13. Na5 Nh7 14. a4 bxa4 15. Nc6 Qe8 16. dxe5 dxe5 17. Ncxe5 Nc5 18. Bc4 Bd6 19. Ng6 Be6 20. Bxe6 Qxe6
21. Nxf8 Rxf8 22. e5
1-0

[Event "Fast Large KO for ALL"]
[Site "SchemingMind.com"]
[Date "2007.08.11"]
[Round "-"]
[White "willygor"]
[Black "jankep"]
[Result "0-1"]
[WhiteCountry "ARG"]
[BlackCountry "POL"]
[WhiteElo "1773"]
[WhiteRD "87"]
[BlackElo "2070"]
[BlackRD "86"]
[GameID "115457"]

1. e4 e6 2. f4 d5 3. e5 c5 4. Bb5+ Nc6 5. Bxc6+ bxc6 6. Nf3 Be7 7. O-O Ba6 8. d3 Nh6 9. Nc3 O-O 10. Bd2 Nf5
11. b3 Qc7 12. Qe2 c4 13. bxc4 dxc4 14. Kh1 cxd3 15. cxd3 Rfd8 16. Ne1 c5 17. Qe4 Rab8 18. Rb1 Rxb1 19. Nxb1 c4 20. Rf3 Qb6
21. g4 Bb7 22. Qe2 cxd3
0-1